Statistiques concernant 120 degrés méridiens de l'ouest des pays

Cliquez ici pour prendre le quiz!

Statistiques générales

  • Ce quiz a été pris 14 fois
  • Le résultat moyen est 18 sur 20

Statistiques - réponses

degréspays% Correct
30.76°Belize
100%
Canada
100%
40.98°Colombie
100%
34.05°Costa Rica
100%
Etats-Unis
100%
30.64°Honduras
100%
2.88°Mexique
100%
32.31°Nicaragua
100%
38.66°Pérou
100%
10.55°Chili
93%
35.04°Cuba
93%
28.32°Équateur
93%
27.78°Guatemala
93%
41.63°Jamaïque
93%
36.95°Panama
93%
45.52°Haïti
86%
29.87°Salvador
86%
40.69°Bahamas
79%
30.19°Kiribati
29%
37.32°Îles Cook
14%

Distribution des résultats

Percentile par nombre de réponses

% des personnes avec chaque résultat

Votre développement - résultats

Vous n’avez pas pris ce quiz